000
00251nam a2200097Ia 4500
001
853751
005
20250826174538.0
008
250824s9999 xx 000 0 und d
245
0
_a
ZAMANIN GÖLGESİ:ADEM İLE HAVVA
_c
MERT ÖZ
260
_b
DESTEK YAYINLARI
999
_c
853751
_d
853751